000 02253cam a22004574i 4500
003 PE-LiUPU
005 20250731172705.0
008 150617s r 000 0 d
035 _a(Sirsi) a10274
040 _aPE-LiUPU
_bspa
_cPE-LiUPU
_erda
049 _aPRUA
082 0 4 _a218.04
_bA88
_221
100 1 _aAugereau, J.,
_eautor.
245 1 3 _aEl hombre actual frente a Dios :
_bqué debemos creer, qué debemos replantear, qué debemos desechar hoy /
_cJ. Augereau.
264 1 _aBogota :
_bEdiciones Paulinas,
_c1970.
300 _a310 páginas ;
_c21 cm.
336 _atext
_2rdacontent
337 _aunmediated
_2rdamedia
338 _avolume
_2rdacarrier
490 0 _aAlfa y omega
505 0 _aEl fenómeno de Dios hoy: Por qué algo y no nada -- Con o sin Dios -- Trinidad -- La imágen de Dios -- La garantía del creador -- La exploración nocturna -- El universo humanizado -- Real absoluto y real perceptible -- Qué es la verdad? -- El alma espiritual -- Orígen del hombre -- El porvenir terreno del hombre -- El más allá -- La experiencia de la muerte -- Las almas separadas -- Los ángeles -- Del tiempo a la eternidad -- El cielo es Dios -- He aquí que hago un universo nuevo -- El infierno -- Cristo y su iglesia -- El signo de contradicción -- La conciencia humana frente a la naturaleza y a los hombres -- El estatuto humano del verbo encarnado -- En el reino del hijo -- La oración de los hijos de Dios -- Mi vida es Cristo -- Somos colaboradores de Dios -- La gracia que hace obrar.
526 _aSEG42
526 _aSEG41
526 _aSEG40
526 _aSEG39
526 _aP94
526 _aP87
526 _aP86
526 _aP85
526 _aP77
526 _aP76
526 _aP35
650 0 4 _aAntropología teológica.
910 _ajck
_bjvq
_cjck
_d20150616
942 _2ddc
_cBOOK
949 _a218.04 A88
_wDEWEY
_c1
_i12250
_lCCODEBUL1
_mBUL
_p00.00
_r0
_sY
_tBOOK
_u19930227
_xTEOLOGIA
_PP35
_0COMPRA
_o.STAFF. Colección General
994 _aC0
_bPEPRU
596 _a1
999 _a218.04 A88
_wDEWEY
_c302
_i12250
_d302
_f2021-11-11
_g5
_lCCODEBUL1
_mBUL
_q1
_r0
_sY
_tBOOK
_u2015-6-17
_xTEOLOGIA
_PP35
_0COMPRA
_o.STAFF. Colección General
980 _81
_gALBERTO SANCHEZ Responsable de Automatización